| 000 | 00369nam a2200145Ia 4500 | ||
|---|---|---|---|
| 008 | 150201s1993 xx 000 0 und d | ||
| 082 |
_a616.07 _bC1993K |
||
| 100 | _aKARGER,S. | ||
| 245 | _aCLINICAL PATHOLOGY OF TIBRO -OSTEO-CEMENTAL | ||
| 250 | _a1ST | ||
| 260 |
_bKARGER PUBLISHING _aLONDON( U.K) _c1993 |
||
| 300 | _a1-230 | ||
| 650 | _aPATHOLOGY | ||
| 942 |
_2ddc _cBK |
||
| 999 |
_c3093 _d3093 |
||